Statistics for MLB The Show Cover Athletes

Click here to take the quiz!

General Stats

  • This quiz has been taken 444 times
  • The average score is 8 of 14

Answer Stats

HintAnswer% Correct
MLB 19Bryce Harper
90%
MLB 18Aaron Judge
87%
MLB 17Ken Griffey Jr
77%
MLB 16Josh Donaldson
69%
MLB 06David Ortiz
64%
MLB 15Yasiel Puig
62%
MLB 11Joe Mauer
57%
MLB 10Joe Mauer
57%
MLB 14Miguel Cabrera
56%
MLB 13Andrew McCutchen
49%
MLB 08Ryan Howard
42%
MLB 09Dustin Pedroia
37%
MLB 07David Wright
34%
MLB 12Adrian Gonzalez
30%

Score Distribution

Percentile by Number Answered

Percent of People with Each Score

Your Score History

You have not taken this quiz